Muhammad at Medina / (Record no. 20434)

MARC details
000 -LEADER
fixed length control field 00782cam a22002651 4500
001 - CONTROL NUMBER
control field 6525749
003 - CONTROL NUMBER IDENTIFIER
control field BDDh-ASL
005 - DATE AND TIME OF LATEST TRANSACTION
control field 20231015025904.0
008 - FIXED-LENGTH DATA ELEMENTS--GENERAL INFORMATION
fixed length control field 771130s1956 enkb b 001 0 eng
010 ## - LIBRARY OF CONGRESS CONTROL NUMBER
LC control number 56004035
035 ## - SYSTEM CONTROL NUMBER
System control number (OCoLC)3456619
040 ## - CATALOGING SOURCE
Original cataloging agency DLC
Transcribing agency OC
Modifying agency CLU
-- OCoLC
-- DLC
-- BDDh-ASL
050 00 - LIBRARY OF CONGRESS CALL NUMBER
Classification number BP75
Item number .W32
082 00 - DEWEY DECIMAL CLASSIFICATION NUMBER
Classification number 297.63
-- B
Item number WAM
100 1# - MAIN ENTRY--PERSONAL NAME
Personal name Watt, W. Montgomery
Fuller form of name (William Montgomery)
245 10 - TITLE STATEMENT
Title Muhammad at Medina /
260 ## - PUBLICATION, DISTRIBUTION, ETC.
Place of publication, distribution, etc. Oxford:
Name of publisher, distributor, etc. Clarendon Press,
Date of publication, distribution, etc. 1956.
300 ## - PHYSICAL DESCRIPTION
Extent xiv, 418 p.
Other physical details map.
Dimensions 23 cm.
500 ## - GENERAL NOTE
General note "Sequel to Muhammad at Mecca."
500 ## - GENERAL NOTE
General note Includes index.
504 ## - BIBLIOGRAPHY, ETC. NOTE
Bibliography, etc. note Bibliographical footnotes.
600 00 - SUBJECT ADDED ENTRY--PERSONAL NAME
Personal name MuḼammad,
Titles and other words associated with a name Prophet,
Dates associated with a name -632.
906 ## - LOCAL DATA ELEMENT F, LDF (RLIN)
a 7
b cbc
c oclcrpl
d u
e ncip
f 19
g y-gencatlg
942 ## - ADDED ENTRY ELEMENTS (KOHA)
Source of classification or shelving scheme Dewey Decimal Classification
Koha item type Books
Holdings
Withdrawn status Lost status Source of classification or shelving scheme Damaged status Not for loan Collection code Home library Current library Shelving location Date acquired Source of acquisition Total Checkouts Full call number Barcode Date last seen Copy number Price effective from Koha item type Public note
    Dewey Decimal Classification   Not For Loan Non-fiction Asiatic Society Library Asiatic Society Library General Stacks 01/09/2021 ASB Collection   297.63 WAM 103880 01/09/2021 C-1 01/09/2021 Books RARE

Powered by Koha